Philosophy for beginners / (Record no. 9275)

MARC details
000 -LEADER
fixed length control field 00664 a2200205 4500
010 ## - LIBRARY OF CONGRESS CONTROL NUMBER
LC control number ENG-88806
020 ## - INTERNATIONAL STANDARD BOOK NUMBER
Terms of availability 210.00
International Standard Book Number 8125031685
035 ## - SYSTEM CONTROL NUMBER
System control number EN-72339
037 ## - SOURCE OF ACQUISITION
Source of stock number/acquisition DBAD / PUB
082 14 - DEWEY DECIMAL CLASSIFICATION NUMBER
Classification number 100
090 ## - LOCALLY ASSIGNED LC-TYPE CALL NUMBER (OCLC); LOCAL CALL NUMBER (OCLC)
-- 9448
-- 9448
100 ## - MAIN ENTRY--PERSONAL NAME
Personal name Osborne, Richard
245 1# - TITLE STATEMENT
Title Philosophy for beginners /
Statement of responsibility, etc by Richard Osborne; illustrated by Ralph Edney
260 ## - PUBLICATION, DISTRIBUTION, ETC. (IMPRINT)
Place of publication, distribution, etc New Delhi
Name of publisher, distributor, etc Orient Longman
Date of publication, distribution, etc 2007
270 ## - ADDRESS
Address FS-5, Tagore Garden
City New Delhi
Postal code 110 027
300 ## - PHYSICAL DESCRIPTION
Extent 184p. :
Dimensions 24cm (pbk)
Other physical details ill
500 ## - GENERAL NOTE
General note Includes index
942 ## - ADDED ENTRY ELEMENTS (KOHA)
Institution code [OBSOLETE] dpl
Koha item type English Books
Call number prefix 100 / OSB
Holdings
Withdrawn status Lost status Source of classification or shelving scheme Damaged status Not for loan Collection code Home library Current library Source of acquisition Cost, normal purchase price Total Checkouts Full call number Barcode Date last seen Copy number Uniform Resource Identifier Cost, replacement price Price effective from Koha item type
    Dewey Decimal Classification   Not For Loan Non-fiction D.B.Act.Division D.B.Act.Division DBAD/PUB 210.00   100 EN-72339 15/09/2008 1 10249 210.00 15/09/2008 English Books

© Delhi Public Library
Hit Counter
free hit counter